Spatial models and GIS : new and potential models (Record no. 100425)
[ view plain ]
| 000 -LEADER | |
|---|---|
| fixed length control field | 01026cam a2200253 4500 |
| 008 - FIXED-LENGTH DATA ELEMENTS--GENERAL INFORMATION | |
| fixed length control field | 000000n2000 000 0 eng u |
| 020 ## - INTERNATIONAL STANDARD BOOK NUMBER | |
| International Standard Book Number | 0748408460 |
| 035 ## - SYSTEM CONTROL NUMBER | |
| System control number | (Sirsi) u105583 |
| 050 ## - LIBRARY OF CONGRESS CALL NUMBER | |
| Classification number | 333.70285 |
| 100 ## - MAIN ENTRY--PERSONAL NAME | |
| Personal name | Fotheringham, Stewart |
| -- | Editor |
| 245 ## - TITLE STATEMENT | |
| Title | Spatial models and GIS : new and potential models |
| 260 ## - PUBLICATION, DISTRIBUTION, ETC. | |
| Place of publication, distribution, etc. | London |
| Name of publisher, distributor, etc. | Taylor and Francis |
| Date of publication, distribution, etc. | 2000 |
| 300 ## - PHYSICAL DESCRIPTION | |
| Extent | xxv, 279p. ; 24cm. |
| 350 ## - PRICE (NR) (BK AM CF MU VM SE) [OBSOLETE] | |
| Price | 49.99 |
| 490 ## - SERIES STATEMENT | |
| Series statement | GISDATA |
| Volume/sequential designation | 7 |
| 520 ## - SUMMARY, ETC. | |
| Summary, etc. | Exploring the potential and impact of GIS on spatial modelling, this book draws on the work of a task force of the GISDATA research network. Much of the book is derived from papers presented at one of its meetings covering environmental and socio-economic modelling in hydrology, meteorology, landscape ecology, transport, land use planning, demography and economics. |
| 650 ## - SUBJECT ADDED ENTRY--TOPICAL TERM | |
| Topical term or geographic name entry element | GIS |
| 650 ## - SUBJECT ADDED ENTRY--TOPICAL TERM | |
| Topical term or geographic name entry element | SPATIAL MODELLING |
| 650 ## - SUBJECT ADDED ENTRY--TOPICAL TERM | |
| Topical term or geographic name entry element | GIS |
| 650 ## - SUBJECT ADDED ENTRY--TOPICAL TERM | |
| Topical term or geographic name entry element | SOFTWARE |
| 690 ## - LOCAL SUBJECT ADDED ENTRY--TOPICAL TERM (OCLC, RLIN) | |
| Topical term or geographic name as entry element | MAPPING AND MEASUREMENT-GIS |
| 700 ## - ADDED ENTRY--PERSONAL NAME | |
| Personal name | Wegener, Michael |
| International Standard Serial Number | Editor |
| 942 ## - ADDED ENTRY ELEMENTS (KOHA) | |
| Suppress in OPAC | 0 |
| Withdrawn status | Lost status | Source of classification or shelving scheme | Damaged status | Not for loan | Home library | Current library | Shelving location | Date acquired | Cost, normal purchase price | Total Checkouts | Full call number | Barcode | Date last seen | Date last checked out | Copy number | Cost, replacement price | Price effective from | Koha item type |
|---|---|---|---|---|---|---|---|---|---|---|---|---|---|---|---|---|---|---|
| Dewey Decimal Classification | London | London | Books | 16/05/2000 | 42.49 | 4 | 333.70285 FOT | 30061376 | 06/08/2019 | 27/04/2001 | 1 | 42.49 | 06/08/2019 | Book |